| 000 | 01390aam a2200397 i 4500 | ||
|---|---|---|---|
| 001 | 121435 | ||
| 005 | 20230404113640.0 | ||
| 008 | 230404s2016 enkk 000 0 eng c | ||
| 015 |
_aGBB7H5674 _2bnb |
||
| 016 | 7 |
_a018398552 _2Uk |
|
| 020 |
_a9780414054837 _qpaperback |
||
| 035 | _a(WlAbNL)99762133802419 | ||
| 035 | _a(UK-WkNB)9780414054837 | ||
| 035 | _a(StEdALDL)1/3522716 | ||
| 035 | _a(UkOxU)020944133 | ||
| 035 | _a(Uk)018398552 | ||
| 040 |
_aUk _beng _erda _cUk _dWlAbNL _dUkOxU |
||
| 042 | _aukscp | ||
| 082 | 0 | 4 |
_a343.41078624 _223 |
| 245 | 0 | 0 |
_aJCT: intermediate sub-contract with sub-contractor's design conditions 2016 _bICSub/D/C 2016 |
| 246 | 3 | 0 | _aIntermediate sub-contract with sub-contractor's design conditions 2016 |
| 264 | 1 |
_aLondon : _bThomson Reuters (Professional) UK Limited, trading as Sweet & Maxwell, _c2016. |
|
| 264 | 4 | _c©2016 | |
| 300 |
_aiv, 59 pages : _bforms ; _c30 cm. |
||
| 336 |
_atext _2rdacontent |
||
| 337 |
_aunmediated _2rdamedia |
||
| 338 |
_avolume _2rdacarrier |
||
| 490 | 1 | _aJCT Contracts 2016 | |
| 500 | _aAt head of title: JCT. | ||
| 610 | 2 | 0 | _aJoint Contracts Tribunal. |
| 650 | 0 |
_aConstruction contracts _zGreat Britain. |
|
| 650 | 0 |
_aBuildings _xContracts and specifications _zGreat Britain. |
|
| 710 | 2 |
_aJoint Contracts Tribunal, _eissuing body. |
|
| 830 | 0 |
_aIntermediate building contract. _f2016. |
|
| 942 | _2ddc | ||
| 999 |
_c121435 _d121435 |
||